000 00285nam a2200121Ia 4500
008 231221s9999 xx 000 0 und d
041 _aEnglish
082 _a001.6404 WOD 'R'
100 _aWodtke, Shirley
245 0 _aLearn the MFC C++ classes
650 _aMFC C++
942 _cFP
999 _c207350
_d207350